header

Plates vs plumes (Record no. 86560)

MARC details
000 -LEADER
fixed length control field 01166nam a2200313Ia 4500
082 04 - DEWEY DECIMAL CLASSIFICATION NUMBER
Classification number 551.21
100 1# - MAIN ENTRY--AUTHOR NAME
Personal name Foulger, Gillian R.,
245 10 - TITLE STATEMENT
Title Plates vs plumes
260 ## - PUBLICATION, DISTRIBUTION, ETC. (IMPRINT)
Place of publication Hoboken, N.J. :
Name of publisher Wiley-Blackwell,
Year of publication 2010.
300 ## - PHYSICAL DESCRIPTION
Number of Pages xxxii, 596 p.
650 #0 - SUBJECT ADDED ENTRY--TOPICAL TERM
Topical Term Mantle plumes.
Topical Term Plate tectonics.
856 40 - ELECTRONIC LOCATION AND ACCESS
Uniform Resource Identifier http://site.ebrary.com/lib/rucke/Doc?id=10412658

No items available.

© 2026 Rongo University
Contact us: librarian | system librarian | Rongo university